The time trap /

Bibliographic Details
Main Author: Mackenzie, R. Alec
Format: Book
Language:English
Published: New York : AMACOM, [1997]
Edition:3rd ed.
Subjects:

MARC

Tag First Indicator Second Indicator Subfields
LEADER 00000cam a2200000 a 4500
001 in00001402283
005 20151020054125.0
008 970429s1997 nyua b 001 0 eng
010 |a  97020780  
020 |a 081447926X (pbk.) 
035 |a (OCoLC)36883891 
035 |9 AHN0469AM 
040 |a DLC  |c DLC  |d TXA  |d UtOrBLW 
049 |a TXAM 
050 0 0 |a HD69.T54  |b M33 1997 
082 0 0 |a 650.1  |2 21 
100 1 |a Mackenzie, R. Alec. 
245 1 4 |a The time trap /  |c Alec Mackenzie. 
250 |a 3rd ed. 
264 1 |a New York :  |b AMACOM,  |c [1997] 
264 4 |c ©1997 
300 |a xiii, 282 pages :  |b illustrations ;  |c 23 cm. 
336 |a text  |b txt  |2 rdacontent 
337 |a unmediated  |b n  |2 rdamedia 
338 |a volume  |b nc  |2 rdacarrier 
504 |a Includes bibliographical references and index. 
650 0 |a Time management. 
948 |a C:BLW  |d 20030315 
999 |a MARS 
999 f f |s e0220a2b-73f0-3067-8c55-0c68f9f03373  |i 86e2af99-7f60-3546-9115-64aa190b4970  |t 0 
952 f f |p ric  |a Texas A&M University  |b Rellis Campus  |c Joint Library Facility  |s JLF  |d Remote Storage  |t 0  |e HD69.T54 M33 1997  |h Library of Congress classification  |i unmediated -- volume  |m A14822112498 
998 f f |a HD69.T54 M33 1997  |t 0  |l Remote Storage